000 00302nam a22001337a 4500
008 170605b xxu||||| |||| 00| 0 eng d
020 _a9780618221233
041 _aeng
080 _a94
100 _a18
101 _aSHH
245 _aTHE HISTORY SCIENCE TECHNOLOGY
_cBUNCH.B
942 _2udc
_cBK
999 _c15956
_d15956